[Event "LTU-ch Rapid op"]
[Site "Vilnius"]
[Date "2021.07.17"]
[Round "3"]
[White "Grabliauskas, Virginijus"]
[Black "Kaspute, Vesta"]
[Result "1-0"]
[WhiteElo "2308"]
[BlackElo "1971"]
[PlyCount "48"]
[EventDate "2021.07.17"]
[EventType "swiss (rapid)"]
[EventRounds "9"]
[EventCountry "LTU"]
[SourceTitle "EXT 2023"]
[Source "ChessBase"]
[SourceDate "2022.10.05"]
[SourceVersion "1"]
[SourceVersionDate "2022.10.05"]
[SourceQuality "1"]

1. e4 c5 2. Nf3 e6 3. c3 Nf6 4. e5 Nd5 5. d4 cxd4 6. cxd4 Nc6 7. a3 d6 8. Bd3 dxe5 9. dxe5 Be7 10. 0-0 0-0 11. Qe2 Bd7 12. Qe4 g6 13. Bh6 Re8 14. Nbd2 f5 15. exf6 Nxf6 16. Qh4 Qc7 17. Rfe1 Nh5 18. Qg4 Nf6 19. Qc4 Rac8 20. Rxe6 Na5 21. Rxe7+ Nxc4 22. Bxc4+ Qxc4 23. Rg7+ Kh8 24. Nxc4 Rxc4 1-0

[Event "LTU-ch Rapid op"]
[Site "Vilnius"]
[Date "2021.07.17"]
[Round "8"]
[White "Vardanyan, Aras"]
[Black "Grabliauskas, Virginijus"]
[Result "1-0"]
[WhiteElo "2216"]
[BlackElo "2308"]
[PlyCount "57"]
[EventDate "2021.07.17"]
[EventType "swiss (rapid)"]
[EventRounds "9"]
[EventCountry "LTU"]
[SourceTitle "EXT 2023"]
[Source "ChessBase"]
[SourceDate "2022.10.05"]
[SourceVersion "1"]
[SourceVersionDate "2022.10.05"]
[SourceQuality "1"]

1. e4 c6 2. Nc3 d5 3. Nf3 Bg4 4. h3 Bxf3 5. Qxf3 e6 6. d3 Nd7 7. Be2 Bd6 8. g3 Ne7 9. 0-0 0-0 10. d4 Bc7 11. Bd3 Bb6 12. exd5 cxd5 13. Ne2 Nc6 14. c3 Bc7 15. h4 Rb8 16. Bg5 Qe8 17. Rfe1 b5 18. Nf4 Qc8 19. Qh5 g6 20. Nxg6 fxg6 21. Bxg6 hxg6 22. Qxg6+ Kh8 23. Rxe6 Nde5 24. Bf6+ Rxf6 25. Qxf6+ Kg8 26. Qg5+ Kf8 27. Qh6+ Kf7 28. Rf6+ Ke7 29. Qg7+ 1-0

[Event "LTU-chT"]
[Site "Lithuania"]
[Date "2017.03.18"]
[Round "6.2"]
[White "Grabliauskas, Virginijus"]
[Black "Neiksans, Arturs"]
[Result "0-1"]
[WhiteElo "2367"]
[BlackElo "2627"]
[PlyCount "80"]
[EventDate "2017.01.28"]
[EventType "team-swiss"]
[EventRounds "7"]
[EventCountry "LTU"]
[SourceTitle "EXT 2018"]
[Source "ChessBase"]
[SourceDate "2017.10.13"]
[SourceVersion "1"]
[SourceVersionDate "2017.10.13"]
[SourceQuality "1"]
[WhiteTeam "Panevezys Gigant Chess"]
[BlackTeam "Kaunas Margiris"]
[WhiteTeamCountry "LTU"]
[BlackTeamCountry "LTU"]

1. d4 Nf6 2. c4 e6 3. Nf3 b6 4. g3 Ba6 5. Qc2 c5 6. d5 exd5 7. cxd5 g6 8. Bg2 Bg7 9. 0-0 0-0 10. Rd1 Re8 11. Nc3 d6 12. e4 b5 13. Nd2 Ng4 14. Nf3 b4 15. Nb1 Nd7 16. Nbd2 c4 17. Nf1 Nc5 18. Ne3 Rxe4 19. Nxg4 Rxg4 20. Bf4 Nd3 21. Rxd3 cxd3 22. Qc6 Rxf4 23. gxf4 Qc8 24. Rd1 Bxb2 25. Ne1 Bc3 26. Nxd3 Bxd3 27. Rxd3 Qd8 28. Bh3 f5 29. Qb7 Qc8 30. Qc6 Qd8 31. Qb7 a5 32. Re3 Bd4 33. Rg3 Ra7 34. Qb5 Kf8 35. Bf1 Qb6 36. Qxb6 Bxb6 37. a3 a4 38. Bb5 b3 39. Rc3 Bc5 40. Kg2 Bxa3 0-1

[Event "LTU-ch"]
[Site "Vilnius"]
[Date "2017.03.01"]
[Round "7"]
[White "Grabliauskas, Virginijus"]
[Black "Chocenka, Dmitrijus"]
[Result "0-1"]
[WhiteElo "2367"]
[BlackElo "2216"]
[PlyCount "74"]
[EventDate "2017.02.25"]
[EventType "swiss"]
[EventRounds "9"]
[EventCountry "LTU"]
[SourceTitle "CBM 177 Extra"]
[Source "ChessBase"]
[SourceDate "2017.04.27"]
[SourceVersion "1"]
[SourceVersionDate "2017.04.27"]
[SourceQuality "1"]

1. e4 c5 2. Nf3 d6 3. c3 Nf6 4. Be2 g6 5. 0-0 Bg7 6. Bb5+ Bd7 7. Bxd7+ Nbxd7 8. Re1 0-0 9. d4 cxd4 10. cxd4 d5 11. e5 Ne4 12. Nbd2 Nxd2 13. Bxd2 e6 14. h4 h6 15. Rc1 Nb8 16. Rc3 Nc6 17. h5 g5 18. Rce3 Rc8 19. Qe2 a6 20. Rd3 b5 21. Nh2 Ne7 22. Bb4 Re8 23. Bxe7 Rxe7 24. Rg3 Qb6 25. Qe3 f5 26. exf6 Bxf6 27. Rd1 Rc4 28. Ng4 Bg7 29. b3 Rcc7 30. f4 gxf4 31. Nxh6+ Kh8 32. Qxf4 e5 33. Qf3 e4 34. Nf7+ Rxf7 35. Qg4 Bxd4+ 36. Kh1 Rg7 37. Qh4 Qf6 0-1

[Event "LTU-ch"]
[Site "Vilnius"]
[Date "2017.02.28"]
[Round "5"]
[White "Grabliauskas, Virginijus"]
[Black "Juodzevicius, Darius"]
[Result "1-0"]
[WhiteElo "2367"]
[BlackElo "1930"]
[PlyCount "55"]
[EventDate "2017.02.25"]
[EventType "swiss"]
[EventRounds "9"]
[EventCountry "LTU"]
[SourceTitle "CBM 177 Extra"]
[Source "ChessBase"]
[SourceDate "2017.04.27"]
[SourceVersion "1"]
[SourceVersionDate "2017.04.27"]
[SourceQuality "1"]

1. d4 Nf6 2. c4 e6 3. g3 d5 4. Nf3 b6 5. Bg2 Ba6 6. cxd5 exd5 7. Nc3 c6 8. 0-0 Bd6 9. Nh4 0-0 10. Nf5 Bc7 11. Qd2 g6 12. Nh6+ Kh8 13. Re1 Bb7 14. Qd3 Ng8 15. b4 f5 16. Nxg8 Kxg8 17. b5 Qd7 18. Bh6 Rf6 19. Rac1 a6 20. bxc6 Bxc6 21. Nxd5 Bxd5 22. Rxc7 Qd6 23. Rc8+ Kf7 24. Bf4 Qe6 25. Bxd5 Qxd5 26. Bxb8 Qxa2 27. Rec1 g5 28. Qf3 1-0

[Event "LTU-chT"]
[Site "Lithuania"]
[Date "2017.02.18"]
[Round "3.2"]
[White "Grabliauskas, Virginijus"]
[Black "Zagorskis, Darius"]
[Result "1/2-1/2"]
[WhiteElo "2367"]
[BlackElo "2466"]
[PlyCount "51"]
[EventDate "2017.01.28"]
[EventType "team-swiss"]
[EventRounds "7"]
[EventCountry "LTU"]
[SourceTitle "CBM 176 Extra"]
[Source "ChessBase"]
[SourceDate "2017.03.02"]
[SourceVersion "1"]
[SourceVersionDate "2017.03.02"]
[SourceQuality "1"]
[WhiteTeam "Panevezys Gigant Chess"]
[BlackTeam "Makabi LSK"]
[WhiteTeamCountry "LTU"]
[BlackTeamCountry "LTU"]

1. e4 d6 2. d4 Nf6 3. Nc3 e5 4. Nf3 Nbd7 5. Bc4 Be7 6. a4 0-0 7. 0-0 c6 8. h3 exd4 9. Qxd4 Nc5 10. Rd1 Be6 11. Bf4 Ne8 12. Bf1 a5 13. Qe3 Qb6 14. Nd4 Rd8 15. Nd5 cxd5 16. exd5 Nf6 17. dxe6 Nd5 18. Qg3 Nxf4 19. Qxf4 Nxe6 20. Qg4 Nxd4 21. Qxd4 Qxd4 22. Rxd4 Bf6 23. Rd5 Bxb2 24. Rb1 Bc3 25. Rxb7 Rc8 26. Rxd6 1/2-1/2

[Event "LTU-chT"]
[Site "Lithuania"]
[Date "2017.01.28"]
[Round "1.3"]
[White "Valantiejus, Vaidotas"]
[Black "Grabliauskas, Virginijus"]
[Result "1/2-1/2"]
[WhiteElo "2174"]
[BlackElo "2367"]
[PlyCount "115"]
[EventDate "2017.01.28"]
[EventType "team-swiss"]
[EventRounds "7"]
[EventCountry "LTU"]
[SourceTitle "CBM 176 Extra"]
[Source "ChessBase"]
[SourceDate "2017.03.02"]
[SourceVersion "1"]
[SourceVersionDate "2017.03.02"]
[SourceQuality "1"]
[WhiteTeam "Vilnius Pasaku"]
[BlackTeam "Panevezys Gigant Chess"]
[WhiteTeamCountry "LTU"]
[BlackTeamCountry "LTU"]

1. e4 c5 2. Nf3 e6 3. d4 cxd4 4. Nxd4 a6 5. Nc3 Qc7 6. Bd3 Bc5 7. Nb3 Be7 8. Qg4 g6 9. Bg5 d6 10. Bxe7 Nxe7 11. 0-0-0 e5 12. Qg5 Be6 13. Kb1 Nd7 14. h4 f6 15. Qe3 0-0-0 16. Be2 Nb6 17. f4 Kb8 18. h5 Nc4 19. Bxc4 Bxc4 20. hxg6 hxg6 21. Rxh8 Rxh8 22. Qd2 Nc8 23. g3 f5 24. Nd5 Bxd5 25. Qxd5 Nb6 26. Qd3 Nc4 27. a3 Qc6 28. exf5 gxf5 29. fxe5 dxe5 30. Qxf5 e4 31. Na5 Qb5 32. Qxb5 axb5 33. Nxc4 bxc4 34. Re1 Re8 35. Kc1 Kc7 36. Kd2 Kd6 37. Ke3 Rg8 38. Kd4 Rxg3 39. Rxe4 Rg2 40. Kc3 b5 41. Rh4 Rg3+ 42. Kb4 Rg2 43. Kxb5 Rxc2 44. Rxc4 Rxb2+ 45. Ka5 Rb7 46. a4 Kd7 47. Ka6 Rb1 48. a5 Rb2 49. Ka7 Rb5 50. a6 Rb1 51. Rh4 Kc7 52. Rh7+ Kc6 53. Rb7 Ra1 54. Rb2 Kc7 55. Rc2+ Kd7 56. Kb7 Rb1+ 57. Ka8 Rb6 58. a7 1/2-1/2

[Event "Panevezys GM"]
[Site "Panevezys"]
[Date "2016.06.12"]
[Round "9"]
[White "Pultinevicius, Paulius"]
[Black "Grabliauskas, Virginijus"]
[Result "1/2-1/2"]
[WhiteElo "2326"]
[BlackElo "2362"]
[PlyCount "20"]
[EventDate "2016.06.06"]
[EventType "tourn"]
[EventRounds "9"]
[EventCountry "LTU"]
[EventCategory "8"]
[SourceTitle "CBM 172 Extra"]
[Source "ChessBase"]
[SourceDate "2016.06.21"]
[SourceVersion "1"]
[SourceVersionDate "2016.06.21"]
[SourceQuality "1"]

1. d4 Nf6 2. c4 e6 3. g3 d5 4. Nf3 dxc4 5. Qa4+ Nbd7 6. Bg2 c5 7. Qxc4 a6 8. 0-0 b5 9. Qd3 Bb7 10. Qc2 Bc8 1/2-1/2

[Event "Panevezys GM"]
[Site "Panevezys"]
[Date "2016.06.08"]
[Round "4"]
[White "Kanarek, Marcel"]
[Black "Grabliauskas, Virginijus"]
[Result "1-0"]
[WhiteElo "2535"]
[BlackElo "2362"]
[PlyCount "145"]
[EventDate "2016.06.06"]
[EventType "tourn"]
[EventRounds "9"]
[EventCountry "LTU"]
[EventCategory "8"]
[SourceTitle "CBM 172 Extra"]
[Source "ChessBase"]
[SourceDate "2016.06.21"]
[SourceVersion "1"]
[SourceVersionDate "2016.06.21"]
[SourceQuality "1"]

1. e4 e5 2. Nf3 Nc6 3. Bb5 Nf6 4. d3 Bc5 5. Bxc6 dxc6 6. Nbd2 0-0 7. Nc4 Nd7 8. Qe2 Re8 9. Bd2 Bd6 10. h4 Nf8 11. h5 h6 12. 0-0-0 c5 13. g4 Ne6 14. Rdg1 f6 15. Ne3 Nf4 16. Qd1 Be6 17. Nf5 a5 18. Kb1 b5 19. N3h4 c6 20. Ng6 Bb8 21. Qf3 Qc7 22. Be3 Qf7 23. a3 b4 24. Nxf4 exf4 25. Bxc5 bxa3 26. Bxa3 Qd7 27. Rd1 Bf7 28. d4 Ra7 29. Qd3 Rb7 30. f3 Bc7 31. Kc1 Rb5 32. Kd2 a4 33. Ke2 Kh8 34. Kf2 Reb8 35. Ra1 Re8 36. Kg2 Be6 37. Rad1 Qf7 38. Qc3 Qd7 39. Qd3 Qf7 40. Qd2 Qd7 41. Rc1 Reb8 42. Rhd1 Kh7 43. Qe2 Re8 44. Qd3 Kg8 45. c4 Rb3 46. Rc3 Qf7 47. d5 Bxf5 48. Rxb3 axb3 49. gxf5 Qxh5 50. d6 Bb6 51. c5 Bd8 52. Qxb3+ Kh8 53. Rh1 Qg5+ 54. Kf1 Rg8 55. Qc2 g6 56. Qh2 gxf5 57. Qxh6+ Qxh6 58. Rxh6+ Kg7 59. Rh4 fxe4 60. fxe4 Kf7 61. Rxf4 Ke6 62. Kf2 Ke5 63. Ke3 Rg3+ 64. Rf3 Rg2 65. Bb4 Ke6 66. Bc3 Rh2 67. b4 Rh1 68. Kd3 Rh4 69. Rg3 Rh8 70. Rg7 Rh3+ 71. Kc4 Rh4 72. Rg8 Kd7 73. Rxd8+ 1-0

[Event "LTU-ch"]
[Site "Vilnius"]
[Date "2016.05.04"]
[Round "8"]
[White "Grabliauskas, Virginijus"]
[Black "Klabis, Rokas"]
[Result "0-1"]
[WhiteElo "2358"]
[BlackElo "2251"]
[PlyCount "80"]
[EventDate "2016.04.29"]
[EventType "tourn"]
[EventRounds "9"]
[EventCountry "LTU"]
[EventCategory "5"]
[SourceTitle "CBM 172 Extra"]
[Source "ChessBase"]
[SourceDate "2016.06.21"]
[SourceVersion "1"]
[SourceVersionDate "2016.06.21"]
[SourceQuality "1"]

1. Nf3 Nf6 2. c4 d6 3. d4 Bg4 4. Nc3 c6 5. e4 e5 6. d5 Nbd7 7. Be3 Be7 8. Be2 0-0 9. Nd2 Bxe2 10. Qxe2 Ne8 11. h4 g6 12. h5 Bg5 13. hxg6 fxg6 14. Nf3 Bf4 15. g3 Bxe3 16. Qxe3 Qb6 17. Qe2 Ndf6 18. Ng5 Rc8 19. c5 dxc5 20. dxc6 Rxc6 21. Qc4+ Kg7 22. 0-0-0 h6 23. Nf3 Nd6 24. Qe2 Nf7 25. Nh4 Qa6 26. Qe3 b5 27. f4 b4 28. fxe5 Ng4 29. Qf4 Nfxe5 30. Nf5+ gxf5 31. Nd5 Qc4+ 32. Kb1 Qxe4+ 33. Ka1 Qxf4 34. gxf4 Ng6 35. Rc1 a5 36. Rhe1 Rd8 37. Ne7 Nxe7 38. Rxe7+ Kf6 39. Ra7 Rd4 40. Rxa5 Rxf4 0-1

[Event "LTU-ch"]
[Site "Vilnius"]
[Date "2016.05.02"]
[Round "5"]
[White "Malisauskas, Vidmantas"]
[Black "Grabliauskas, Virginijus"]
[Result "1/2-1/2"]
[WhiteElo "2431"]
[BlackElo "2358"]
[PlyCount "84"]
[EventDate "2016.04.29"]
[EventType "tourn"]
[EventRounds "9"]
[EventCountry "LTU"]
[EventCategory "5"]
[SourceTitle "CBM 172 Extra"]
[Source "ChessBase"]
[SourceDate "2016.06.21"]
[SourceVersion "1"]
[SourceVersionDate "2016.06.21"]
[SourceQuality "1"]

1. d4 Nf6 2. c4 e6 3. Nc3 Bb4 4. Qc2 0-0 5. a3 Bxc3+ 6. Qxc3 d6 7. g3 e5 8. Bg2 Re8 9. Nf3 e4 10. Nd2 d5 11. 0-0 Nc6 12. e3 a5 13. f3 exf3 14. Rxf3 Ne7 15. Rxf6 gxf6 16. e4 c6 17. b3 Ng6 18. exd5 cxd5 19. Bxd5 Re1+ 20. Nf1 Qe7 21. Be3 Rxa1 22. Qxa1 a4 23. b4 Be6 24. Bxe6 Qxe6 25. d5 Qf5 26. Qd4 Ne5 27. Nd2 Ng4 28. Qf4 Nxe3 29. Qxe3 b5 30. cxb5 Rd8 31. b6 Qxd5 32. Ne4 Kg7 33. Nc3 Qd7 34. Kg2 Re8 35. Qf3 Rc8 36. b7 Rb8 37. Ne4 Qxb7 38. Qxf6+ Kg8 39. Qg5+ Kf8 40. Qh6+ Kg8 41. Qg5+ Kf8 42. Qh6+ Kg8 1/2-1/2